| 000 | 00483cam a2200169 a 4500 | ||
|---|---|---|---|
| 020 | _a0070039097 : | ||
| 082 | 0 | 0 |
_a004 _bJAI _c l-2;P-131 |
| 100 | 1 |
_aJain ,Satish _936513 |
|
| 245 | 1 | 0 |
_aIntroduction to computer science _cSatish Jain |
| 250 | _a2 nd | ||
| 260 |
_aDelhi : _bPBP publications, _cc1988. |
||
| 300 |
_axii, 291 p. : _bill. ; _c18 cm. |
||
| 526 |
_a0 _b0 _c0 _d004_000000000000000_JAI |
||
| 650 | 0 |
_aComputer architecture. _93070 |
|
| 650 | 0 |
_aMCE _9379 |
|
| 942 |
_2ddc _cBK |
||
| 999 |
_c541548 _d541548 |
||